LEADER 01391nam2 2200289 i 450 001 VAN0050584 005 20240212114947.674 010 $a35-406-4009-6 100 $a20060830d1998 |0itac50 ba 101 $aeng 102 $aUS 105 $a|||| ||||| 200 1 $aˆ1: ‰Cartesian currents$fMariano Giaquinta, Giuseppe Modica, Jiri Soucek 210 $aBerlin$cSpringer$d1998 215 $aXXIV, 711 p.$d24 cm 461 1$1001VAN0050583$12001 $aCartesian currents in the calculus of variations$fMariano Giaquinta, Giuseppe Modica, Jiri Soucek$1210 $aBerlin$cSpringer$d1998$1215 $a2 volumi$d24 cm$v1 606 $a49-XX$xCalculus of variations and optimal control; optimization [MSC 2020]$3VANC019757$2MF 700 1$aGiaquinta$bMariano$3VANV039752$042383 701 1$aModica$bGiuseppe$3VANV039753$056742 701 1$aSoucek$bJiri$3VANV039754$055344 801 $aIT$bSOL$c20240216$gRICA 856 4 $u/sebina/repository/catalogazione/documenti/Giaquinta, Modica, Soucek - Cartesian currents in the calculus of variations 1.pdf$zContents 899 $aBIBLIOTECA DEL DIPARTIMENTO DI MATEMATICA E FISICA$1IT-CE0120$2VAN08 912 $aVAN0050584 950 $aBIBLIOTECA DEL DIPARTIMENTO DI MATEMATICA E FISICA$d08PREST 49-XX 1590 $e08 5431 II 20060830 996 $aCartesian currents$93639874 997 $aUNICAMPANIA LEADER 02526nam0 2200565 i 450 001 VAN00127146 005 20240806100823.407 017 70$2N$a9783030194789 100 $a20200226d2019 |0itac50 ba 101 $aeng 102 $aCH 105 $a|||| ||||| 200 1 $aResearch Directions in Number Theory$eWomen in Numbers IV$fJennifer S. Balakrishnan ?$bet al.] editors 210 $aCham$cSpringer$d2019 215 $axix, 195 p.$cill.$d24 cm 410 1$1001VAN00113428$12001 $aAssociation for Women in Mathematics Series$1210 $aBerlin [etc.]$cSpringer$v19 500 1$3VAN00236983$aResearch Directions in Number Theory$91733519 606 $a05C25$xGraphs and abstract algebra (groups, rings, fields, etc.) [MSC 2020]$3VANC022402$2MF 606 $a11G20$xCurves over finite and local fields [MSC 2020]$3VANC019703$2MF 606 $a14G50$xApplications to coding theory and cryptography of algebraic geometry [MSC 2020]$3VANC020731$2MF 610 $aAbelian varieties$9KW:K 610 $aArithmetic Geometry$9KW:K 610 $aArithmetic and non-archimedean dynamical systems$9KW:K 610 $aArithmetic dynamical systems$9KW:K 610 $aComplex multiplication$9KW:K 610 $aCyclic cover$9KW:K 610 $aElliptic fibrations$9KW:K 610 $aK3 surfaces$9KW:K 610 $aModuli Spaces$9KW:K 610 $aNewton polygon$9KW:K 610 $aNon-archimedean dynamical systems$9KW:K 610 $aNumber theory$9KW:K 610 $aPost-quantam cryptography$9KW:K 610 $aRamanujan graphs$9KW:K 610 $aShimura-Taniyama method$9KW:K 610 $aSupersingular isogeny graphs$9KW:K 610 $aWeierstrass equations$9KW:K 610 $aWomen in numbers$9KW:K 620 $aCH$dCham$3VANL001889 702 1$aBalakrishnan$bJennifer S.$3VANV098585 712 12$aWomen in Numbers Conference$d4.$f2017$eAlberta$3VANV098586 712 $aSpringer $3VANV108073$4650 801 $aIT$bSOL$c20250404$gRICA 856 4 $uhttp://doi.org/10.1007/978-3-030-19478-9$zE-book ? Accesso al full-text attraverso riconoscimento IP di Ateneo, proxy e/o Shibboleth 899 $aBIBLIOTECA DEL DIPARTIMENTO DI MATEMATICA E FISICA$1IT-CE0120$2VAN08 912 $fN 912 $aVAN00127146 950 $aBIBLIOTECA DEL DIPARTIMENTO DI MATEMATICA E FISICA$d08DLOAD e-book 1735 $e08eMF1735 20200226 996 $aResearch Directions in Number Theory$91733519 997 $aUNICAMPANIA LEADER 01618nam0 22003973i 450 001 VAN00244461 005 20251121015955.795 017 70$2N$a9789811038969 100 $a20220407d2020 |0itac50 ba 101 $aeng 102 $aSG 105 $a|||| ||||| 181 $ai$b e 182 $ab 183 $acr 200 1 $aFluorination$fJinbo Hu, Teruo Umemoto editors 210 $aSingapore$cSpringer$d2020 215 $a[s.n.p.]$cill.$d24 cm 410 1$1001VAN00127012$12001 $aSynthetic Organofluorine Chemistry$1210 $aSingapore$cSpringer. 620 $aSG$dSingapore$3VANL000061 676 $a540$cChimica generale$v22 676 $a547$cChimica organica$v22 676 $a615.19$cChimica farmaceutica. Tecnologia farmaceutica. Chimica medica$v22 676 $a620.192$cPolimeri$v22 676 $a541.395$cCatalisi$v22 702 1$aHu$bJinbo$3VANV097821 702 1$aUmemoto$bTeruo$3VANV097822 712 $aSpringer $3VANV108073$4650 801 $aIT$bSOL$c20251128$gRICA 856 4 $uhttps://rd.springer.com/referencework/10.1007/978-981-10-3896-9$zE-book - Accesso al full-text attraverso riconoscimento IP di Ateneo, proxy e/o Shibboleth 899 $aBIBLIOTECA DEL DIPARTIMENTO DI SCIENZE E TECNOLOGIE AMBIENTALI BIOLOGICHE E FARMACEUTICHE$1IT-CE0101$2VAN17 912 $fN 912 $aVAN00244461 950 $aBIBLIOTECA DEL DIPARTIMENTO DI SCIENZE E TECNOLOGIE AMBIENTALI BIOLOGICHE E FARMACEUTICHE$d17CONS e-book 2221 $e17BIB2221/226 226 20220407 996 $aFluorination$91576447 997 $aUNICAMPANIA LEADER 02137nam0 22005293i 450 001 VAN00268644 005 20250722022605.48 017 70$2N$a9781461385141 100 $a20231211d1984 |0itac50 ba 101 $aeng 102 $aUS 105 $a|||| ||||| 200 1 $aˆAn ‰Introduction to the Theory of Large Deviations$fD. W. Stroock 210 $aNew York$cSpringer-Verlag$d1984 215 $avii, 196 p.$d24 cm 410 1$1001VAN00024506$12001 $aUniversitext$1210 $aBerlin [etc]$cSpringer$d1930- 606 $a60-XX$xProbability theory and stochastic processes [MSC 2020]$3VANC020428$2MF 606 $a60B10$xConvergence of probability measures [MSC 2020]$3VANC022451$2MF 606 $a60F10$xLarge deviations [MSC 2020]$3VANC020796$2MF 610 $aBig difference$9KW:K 610 $aBoundary Element Methods$9KW:K 610 $aBrownian Motion$9KW:K 610 $aDeviations$9KW:K 610 $aExcel$9KW:K 610 $aIdentifications$9KW:K 610 $aLanguage$9KW:K 610 $aLogarithms$9KW:K 610 $aMathematics$9KW:K 610 $aOrganization$9KW:K 610 $aSets$9KW:K 610 $aShapes$9KW:K 610 $aattributes$9KW:K 610 $alarge$9KW:K 620 $aUS$dNew York$3VANL000011 700 1$aStroock$bDaniel W.$3VANV039940$042628 712 $aSpringer $3VANV108073$4650 790 1$aStroock, D. W.$zStroock, Daniel W.$3VANV257808 790 1$aStroock, D.W.$zStroock, Daniel W.$3VANV257809 790 1$aStroock, Daniel Wyler$zStroock, Daniel W.$3VANV257807 801 $aIT$bSOL$c20260313$gRICA 856 4 $uhttps://doi.org/10.1007/978-1-4613-8514-1$zE-book ? Accesso al full-text attraverso riconoscimento IP di Ateneo, proxy e/o Shibboleth 899 $aBIBLIOTECA DEL DIPARTIMENTO DI MATEMATICA E FISICA$1IT-CE0120$2VAN08 912 $fN 912 $aVAN00268644 950 $aBIBLIOTECA DEL DIPARTIMENTO DI MATEMATICA E FISICA$d08DLOAD e-book 7647 $e08eMF7647 20231218 996 $aIntroduction to the theory of large deviations$9383329 997 $aUNICAMPANIA